Formula 1 Fastest Laps - Statistics

General Stats
  • This quiz has been taken 95 times
    5 since last reset
  • The average score is 105 of 141
Answer Stats
Times Driver Country % Correct
41 Alain Prost France
100%
12 Alberto Ascari Italy
100%
1 Alexander Albon Thailand
100%
19 Ayrton Senna Brazil
100%
3 Bruce McLaren New Zealand
100%
1 Bruno Senna Brazil
100%
4 Carlos Sainz Jr. Spain
100%
11 Charles Leclerc Monaco
100%
19 Damon Hill United Kingdom
100%
17 Daniel Ricciardo Australia
100%
1 Daniil Kvyat Russia
100%
6 Emerson Fittipaldi Brazil
100%
26 Fernando Alonso Spain
100%
11 George Russell United Kingdom
100%
21 Gerhard Berger Austria
100%
8 Gilles Villeneuve Canada
100%
5 Giuseppe Farina Italy
100%
10 Graham Hill United Kingdom
100%
12 Jack Brabham Australia
100%
15 Jackie Stewart United Kingdom
100%
14 Jacky Ickx Belgium
100%
9 Jacques Villeneuve Canada
100%
4 Jean Alesi France
100%
28 Jim Clark United Kingdom
100%
23 Juan Manuel Fangio Argentina
100%
12 Juan Pablo Montoya Colombia
100%
1 Kamui Kobayashi Japan
100%
3 Keke Rosberg Finland
100%
3 Kevin Magnussen Denmark
100%
46 Kimi Räikkönen Finland
100%
68 Lewis Hamilton United Kingdom
100%
10 Mario Andretti United States
100%
37 Max Verstappen Netherlands
100%
77 Michael Schumacher Germany
100%
25 Mika Häkkinen Finland
100%
23 Nelson Piquet Brazil
100%
20 Nico Rosberg Germany
100%
30 Nigel Mansell United Kingdom
100%
24 Niki Lauda Austria
100%
6 Phil Hill United States
100%
8 Ralf Schumacher Germany
100%
38 Sebastian Vettel Germany
100%
12 Sergio Pérez Mexico
100%
19 Stirling Moss United Kingdom
100%
1 Yuki Tsunoda Japan
100%
2 Zhou Guanyu China
100%
1 Adrian Sutil Germany
80%
13 Alan Jones Australia
80%
6 Carlos Reutemann Argentina
80%
15 Clay Regazzoni Switzerland
80%
6 Dan Gurney United States
80%
18 David Coulthard United Kingdom
80%
9 Denny Hulme New Zealand
80%
1 Eddie Irvine United Kingdom
80%
1 Esteban Ocon France
80%
15 Felipe Massa Brazil
80%
6 Heinz-Harald Frentzen Germany
80%
7 Jacques Laffite France
80%
8 James Hunt United Kingdom
80%
1 Jarno Trulli Italy
80%
8 Jenson Button United Kingdom
80%
2 Jochen Mass Germany
80%
3 Jochen Rindt Austria
80%
5 Jody Scheckter South Africa
80%
11 John Surtees United Kingdom
80%
5 John Watson United Kingdom
80%
6 José Froilán González Argentina
80%
19 Lando Norris United Kingdom
80%
1 Luigi Musso Italy
80%
19 Mark Webber Australia
80%
6 Mike Hawthorn United Kingdom
80%
2 Nick Heidfeld Germany
80%
9 Oscar Piastri Australia
80%
1 Pedro de la Rosa Spain
80%
1 Pedro Rodríguez Mexico
80%
1 Piero Taruffi Italy
80%
3 Pierre Gasly France
80%
12 René Arnoux France
80%
13 Riccardo Patrese Italy
80%
3 Richie Ginther United States
80%
1 Robert Kubica Poland
80%
1 Romain Grosjean France
80%
9 Ronnie Peterson Sweden
80%
17 Rubens Barrichello Brazil
80%
1 Thierry Boutsen Belgium
80%
1 Timo Glock Germany
80%
3 Tony Brooks United Kingdom
80%
19 Valtteri Bottas Finland
80%
1 Vitaly Petrov Russia
80%
1 Alexander Wurz Austria
60%
1 Andrea de Cesaris Italy
60%
3 Bill Vukovich United States
60%
5 Carlos Pace Brazil
60%
3 Chris Amon New Zealand
60%
2 Derek Warwick United Kingdom
60%
5 Didier Pironi France
60%
1 Esteban Gutiérrez Mexico
60%
2 Giancarlo Fisichella Italy
60%
1 Gunnar Nilsson Sweden
60%
1 Hans Hermann Germany
60%
2 Heikki Kovalainen Finland
60%
4 Jean-Pierre Beltoise France
60%
3 Jean-Pierre Jarier France
60%
4 Jo Siffert Switzerland
60%
1 Karl Kling Germany
60%
2 Lorenzo Bandini Italy
60%
1 Ludovico Scarfiotti Italy
60%
1 Luigi Villoresi Italy
60%
1 Maurice Trintignant France
60%
1 Maurício Gugelmin Brazil
60%
5 Michele Alboreto Italy
60%
2 Nico Hülkenberg Germany
60%
4 Patrick Depailler France
60%
2 Patrick Tambay France
60%
1 Satoru Nakajima Japan
60%
2 Teo Fabi Italy
60%
2 Alessandro Nannini Italy
40%
1 Bertrand Gachot Belgium
40%
1 Brian Henton United Kingdom
40%
1 Giancarlo Baghetti Italy
40%
1 Henri Pescarolo France
40%
1 Innes Ireland United Kingdom
40%
1 Jean Behra France
40%
2 Jim Rathmann United States
40%
1 Johnathan Palmer United Kingdom
40%
5 Kimi Antonelli Italy
40%
1 Lee Wallard United States
40%
1 Mike Hailwood United Kingdom
40%
1 Onofre Marimón Argentina
40%
1 Roberto Moreno Belgium
40%
1 Tony Bettenhausen United States
40%
1 Vittorio Brambilla Italy
40%
2 François Cevert France
20%
1 Jackie Oliver United Kingdom
20%
1 Jack McGrath United States
20%
1 Johnnie Parsons United States
20%
1 Johnny Thomson United States
20%
1 Marc Surer Switzerland
20%
1 Paul Russo United States
20%
1 Richie Attwood United Kingdom
20%
1 Roberto Mieres Argentina
20%
No matching quizzes found
Score Distribution
Percent of People with Each Score
Percentile by Number Answered
Your Score History
You have not taken this quiz since the last reset